Agroecología (Registro nro. 1806)

Detalles MARC
000 -CABECERA
Campo de control 00991nam a2200313 a 4500
005 - FECHA Y HORA DE LA ULTIMA TRANSACCION
Campo de control 20200104041524.0
008 - ELEMENTOS DE LONGITUD FIJA—INFORMACION GENERAL
Campo de control 140303b2000 mx ||||| |||| 00| 0 spa d
020 ## - ISBN
ISBN 968791307X
040 ## - FUENTE DE CATALOGACIÓN
Agencia catalogadora original CO-BoIAVH
Agencia transcriptora CO-BoIAVH
041 ## - IDIOMA
Código de idioma para texto/pista de sonido o título separado Español
044 ## - PAÍS DE PUBLICACIÓN
País de publicación México
082 14 - NUMERO DE CLASIFICACION DECIMAL DEWEY
Número de clasificación 338.16
Número del ítem A46a
100 1# - ASIENTO PRINCIPAL--NOMBRE PERSONAL
Nombre personal Altieri, Miguel A.
9 (RLIN) 10406
245 10 - MENCION DE TITULO
Título Agroecología
Parte restante del título teoría y práctica para una agricultura sustentable.
260 ## - PUBLICACION, DISTRIBUCION, ETC. (PIE DE IMPRENTA)
Lugar de publicación, distribución, etc. México:
Nombre del editor, distribuidor, etc. PNUMA,
Fecha de publicación, distribución, etc. 2000.
300 ## - DESCRIPCION FISICA
Extensión 250 páginas.
490 ## - MENCION DE SERIE
Mención de serie Serie textos básicos para la formación ambiental
Designación numérica/secuencial del volumen 4
650 14 - ASIENTO SECUNDARIO DE MATERIA - TERMINO TEMATICO
Término temático o nombre geográfico como elemento de entrada Agroecología
9 (RLIN) 230
650 14 - ASIENTO SECUNDARIO DE MATERIA - TERMINO TEMATICO
Término temático o nombre geográfico como elemento de entrada Uso sostenible
9 (RLIN) 344
650 14 - ASIENTO SECUNDARIO DE MATERIA - TERMINO TEMATICO
Término temático o nombre geográfico como elemento de entrada Sistemas de producción agropecuarios
9 (RLIN) 3701
650 14 - ASIENTO SECUNDARIO DE MATERIA - TERMINO TEMATICO
Término temático o nombre geográfico como elemento de entrada Manejo de recursos
9 (RLIN) 3533
650 14 - ASIENTO SECUNDARIO DE MATERIA - TERMINO TEMATICO
Término temático o nombre geográfico como elemento de entrada Impacto ecológico
9 (RLIN) 8107
650 14 - ASIENTO SECUNDARIO DE MATERIA - TERMINO TEMATICO
Término temático o nombre geográfico como elemento de entrada Biotecnología
9 (RLIN) 64814
650 14 - ASIENTO SECUNDARIO DE MATERIA - TERMINO TEMATICO
Término temático o nombre geográfico como elemento de entrada Cultivos transgénicos
9 (RLIN) 13191
650 ## - ASIENTO SECUNDARIO DE MATERIA - TERMINO TEMATICO
Término temático o nombre geográfico como elemento de entrada Control biológico
9 (RLIN) 64815
650 ## - ASIENTO SECUNDARIO DE MATERIA - TERMINO TEMATICO
Término temático o nombre geográfico como elemento de entrada Agroecosistemas
9 (RLIN) 64816
700 1# - ASIENTO SECUNDARIO - NOMBRE PERSONAL
Nombre personal Nicholls, Clara I.
Término de relación autora
9 (RLIN) 13193
942 ## - ELEMENTOS ADICIONALES (KOHA)
Tipo de ítem Libro
Sistema de clasificación Dewey Decimal Classification
Existencias
Withdrawn status Lost status Sistema de Clasificación Damaged status No para préstamo Colección Inventariado Ubicación Permanente Ubicación actual Fecha de adquisición Fuente de Valor Valor Total Checkouts Número topográfico Inventario / Código de Barras Date last seen Ejemplar Price effective from Forma de adquisición Tipo de material
    Dewey Decimal Classification     General Inventariado 2017 Sala Fabio Quevedo Sala Fabio Quevedo 23/01/2001 Instituto 60000.00   LB-338.16 A46a 002261 04/12/2012 Ej. 1 04/12/2012   Libro